| 000 | 00584cam a2200157 4500500 | ||
|---|---|---|---|
| 005 | 20260405000949.0 | ||
| 041 | _afre | ||
| 042 | _adc | ||
| 100 | 1 | 0 |
_aMambrino, Jean _eauthor |
| 245 | 0 | 0 | _aDrama |
| 260 | _c2002. | ||
| 500 | _a78 | ||
| 520 | _aAs Art Deco celebrates its centenary, a number of exhibitions in Paris and the surrounding area reflect on the singularity and influence of this movement. | ||
| 786 | 0 | _nÉtudes | Volume 397 | 7 | 2002-07-01 | p. 97-100 | 0014-1941 | |
| 856 | 4 | 1 | _uhttps://shs.cairn.info/journal-etudes-2002-7-page-97?lang=en&redirect-ssocas=7080 |
| 999 |
_c2042627 _d2042626 |
||